Statistics for Closest Capital Cities with Same Initial

Click here to take the quiz!

General Stats

  • This quiz has been taken 64 times
  • The average score is 21 of 40

Answer Stats

Capital City 1 % Correct
Vaduz
83%
Vienna
79%
Warsaw
74%
Oslo
74%
Budapest
72%
Washington
72%
Bratislava
68%
Jerusalem
62%
Funafuti
57%
Rome
57%
London
57%
Podgorica
55%
Pristina
55%
Sofia
53%
Juba
53%
Hanoi
53%
Freetown
53%
Tunis
51%
Yamoussoukro
51%
Damascus
51%
Yaounde
51%
Luxembourg
49%
Andorra la Vella
49%
Skopje
49%
Georgetown
49%
Algiers
47%
Riga
47%
Tripoli
47%
Ouagadougou
47%
Guatemala City
43%
Kigali
43%
Honiara
40%
Kampala
40%
Doha
38%
Castries
36%
Niamey
36%
N'Djamena
34%
Caracas
34%
Mbabane
32%
Maputo
30%

Score Distribution

Percentile by Number Answered

Percent of People with Each Score

Your Score History

You have not taken this quiz